ბათუმის შოთა რუსთაველის სახელმწიფო უნივერსიტეტის ბიბლიოთეკა

სახელმწიფო მოწყობის სამართალი : (ბიბ.ჩანაწერი № 57315)

000 -ლიდერი
ფიქსირებული სიგრძის საკონტროლო ველი 01487nam a22002537a 4500
003 - საკონტროლო ნომრის იდენტიფიკატორი
საკონტროლო ველი Ge_BSU
005 - ბოლო ოპერაციის თარიღი და დრო
საკონტროლო ველი 20200519151037.0
008 - ფიქსირებული სიგრძის მონაცემთა ელემენტები - ზოგადი ინფორმაცია
ფიქსირებული სიგრძის საკონტროლო ველი 200519s2020 xxu||||| |||| 00| 0 geo d
020 ## - წიგნის საერთაშორისო სტანდარტული ნომერი
International Standard Book Number 9789941821936
041 ## - ენის კოდი
Language code of text/sound track or separate title geo
080 ## - უნივერსალური ათობითი კლასიფიკაციის ინდექსი
Universal Decimal Classification number 34(072)+35 ს-36
245 ## - ცნობა სათაურის შესახებ
Title სახელმწიფო მოწყობის სამართალი :
Remainder of title მეთოდოლოგიური გზამკვლევი ლექტორებისათვის /
Statement of responsibility, etc რობერტ ბიოტნერი ; მალხაზ ბეგიაშვილი ; ანა ფირცხალაიშვილი ; ელენე ჯანელიძე.
264 ## - წარმოების, გამოცემის, დისტრიბუციის და სხვა ცნობები
გამოცემის, წარმოების, დისტრიბუციის... ადგილი თბილისი,
გამოცემის, წარმოების, დისტრიბუციის... თარიღი 2020.
300 ## - ფიზიკური აღწერა
Extent 67 გვ. :
Dimensions 22 სმ.
653 ## - INDEX TERM--UNCONTROLLED
Uncontrolled term სახელმწიფო მოწყობის სამართალი
653 ## - INDEX TERM--UNCONTROLLED
Uncontrolled term მეთოდოლოგიური გზამკვლევი ლექტორებისათვის
653 ## - INDEX TERM--UNCONTROLLED
Uncontrolled term სამართალი
700 ## - ADDED ENTRY--PERSONAL NAME
Personal name ბიოტნერი, რობერტ
9 (RLIN) 8093
700 ## - ADDED ENTRY--PERSONAL NAME
Personal name ბეგიაშვილი, მალხაზ
9 (RLIN) 6983
700 ## - ADDED ENTRY--PERSONAL NAME
Personal name ფირცხალაიშვილი, ანა
9 (RLIN) 8085
700 ## - ADDED ENTRY--PERSONAL NAME
Personal name ჯანელიძე, ელენე
9 (RLIN) 8094
856 ## - ELECTRONIC LOCATION AND ACCESS
Materials specified
Link text ელექტრონული ვერსია
Uniform Resource Identifier http://lawlibrary.info/ge/books/2020giz-ge-saxelmwifo-mowyobis-samartali.pdf
942 ## - ADDED ENTRY ELEMENTS (KOHA)
Source of classification or shelving scheme
Koha item type წიგნი
ეგზემპლარები
ჩამოწერის სტატუსი დაკარგული ეგზემპლარის სტატუსი კლასიფიკაციის წყარო ან თაროზე გაწყობის სქემა დაზიანების სტატუსი არ გაიცემა მუდმივი მდებარეობა (დაცვის ადგილი) ამჟამინდელი ადგილსამყოფელი თაროზე განთავსების ადგილი შეძენის თარიღი ღირებულება, შესყიდვის ნორმალური ფასი სრული შენახვის შიფრი შტრიხკოდი ბოლო ოპერაციის თარიღი ეგზემპლარის მიმდევრობითი ნომერი (კეტერი?) ფასის ძალაში შესვლის თარიღი ეგზემპლარის სახეობა საჯარო შენიშვნა
          ბათუმის შოთა რუსთაველის სახელმწიფო უნივერსიტეტის მთავარი ბიბლიოთეკა ბათუმის შოთა რუსთაველის სახელმწიფო უნივერსიტეტის მთავარი ბიბლიოთეკა წიგნსაცავი 2020-05-19 10.00 34(072)+35 ს-36 60439 2020-05-19 60439 2020-05-19 წიგნი 10.00